[Event "Internationaal Jeugdtoernooi Limburg 5"]
[Site "Stein"]
[Date "1999.07.11"]
[Round "7"]
[White "Van Weersel, Birgitta"]
[Black "Simenon, Jozef"]
[Result "1/2-1/2"]
[WhiteElo "1650"]
[BlackElo "1600"]
[PlyCount "96"]
[EventDate "1999.07.08"]
[EventType "swiss"]
[EventRounds "7"]
[EventCountry "NED"]
[Source "P.Boonen"]
[SourceDate "2009.01.01"]

1. d4 Nf6 2. c4 g6 3. Nc3 Bg7 4. Nf3 O-O 5. Bf4 d6 6. e3 Nbd7 7. Bd3 b6 8. O-O
Bb7 9. Be2 Nh5 10. Bg3 Nxg3 11. fxg3 e5 12. d5 f5 13. e4 fxe4 14. Nxe4 Nc5 15.
Nfd2 Qe7 16. Rb1 Rxf1+ 17. Qxf1 Rf8 18. Bf3 Bc8 19. Qe2 Bf5 20. b3 Bh6 21. Re1
Bxd2 22. Qxd2 Nxe4 23. Bxe4 Rf7 24. Bc2 Bxc2 25. Qxc2 Qf8 26. Qe2 Kg7 27. Qe3
Rf5 28. Qe2 Qe7 29. h4 Qd7 30. Kh2 Qf7 31. Kg1 Kh8 32. Qe3 Qf8 33. Rd1 Qg7 34.
Re1 Rf8 35. Rd1 Rg8 36. Rf1 Rf8 37. Re1 h6 38. Qe2 Kg8 39. Qg4 g5 40. hxg5 hxg5
41. Qe2 Rf6 42. Qe3 Qg6 43. Qe2 Kg7 44. Rd1 a5 45. Re1 Rf8 46. Qe4 Qh6 47. Qg4
Qf6 48. Qe2 Rh8 1/2-1/2

[Event "Internationaal Jeugdtoernooi Limburg 5"]
[Site "Stein"]
[Date "1999.07.11"]
[Round "7"]
[White "Vinck, Martin"]
[Black "Dambacher, Martijn"]
[Result "0-1"]
[WhiteElo "2042"]
[BlackElo "2288"]
[PlyCount "112"]
[EventDate "1999.07.08"]
[EventType "swiss"]
[EventRounds "7"]
[EventCountry "NED"]
[Source "P.Boonen"]
[SourceDate "2009.01.01"]

1. e4 c5 2. Nf3 e6 3. d4 cxd4 4. Nxd4 Nf6 5. Nc3 d6 6. Bg5 Be7 7. f4 h6 8. Bxf6
Bxf6 9. Ndb5 Be7 10. Qd4 O-O 11. O-O-O d5 12. exd5 a6 13. Nc7 Qxc7 14. d6 Nc6
15. Qd2 Bxd6 16. Qxd6 Qa5 17. Qd2 b5 18. Kb1 Bb7 19. Bd3 Rac8 20. Ne4 Rfd8 21.
Nc5 Ba8 22. Qxa5 Nxa5 23. Nxa6 Bxg2 24. Rhg1 Bf3 25. Rdf1 Bc6 26. Nb4 Be8 27.
Rd1 Kf8 28. Be2 Rxd1+ 29. Rxd1 Ke7 30. b3 g5 31. Nd3 Nc6 32. Kb2 f5 33. c3 Kf6
34. a4 bxa4 35. b4 gxf4 36. Nxf4 Ne5 37. Rd6 a3+ 38. Kb3 Bf7 39. Nd5+ Kg5 40.
Nb6 a2 41. Rd1 Rd8 42. Kxa2 Rxd1 43. Bxd1 f4 44. Kb3 f3 45. Nc4 Nxc4 46. Kxc4
e5+ 47. Kc5 Bh5 48. Bb3 f2 49. Bc4 e4 50. Kd4 Kf4 51. b5 e3 52. b6 Bf3 53. Bf1
h5 54. c4 h4 55. Kd3 Be4+ 56. Kd4 Kf3 0-1

[Event "Internationaal Jeugdtoernooi Limburg 5"]
[Site "Stein"]
[Date "1999.07.11"]
[Round "7"]
[White "Weber, Tom"]
[Black "Heltzel, Joost"]
[Result "1/2-1/2"]
[WhiteElo "1950"]
[BlackElo "1943"]
[PlyCount "45"]
[EventDate "1999.07.08"]
[EventType "swiss"]
[EventRounds "7"]
[EventCountry "NED"]
[Source "P.Boonen"]
[SourceDate "2009.01.01"]

1. e4 e5 2. Nf3 Nc6 3. Bc4 Bc5 4. c3 Nf6 5. d4 exd4 6. cxd4 Bb4+ 7. Bd2 Bxd2+
8. Nbxd2 d5 9. exd5 Nxd5 10. O-O O-O 11. h3 Nb6 12. Bd3 Nxd4 13. Nxd4 Qxd4 14.
Qc2 h6 15. Rad1 c6 16. Ne4 Qa4 17. b3 Qa5 18. Rfe1 Nd5 19. Nd6 Qd8 20. Qc5 Qg5
21. Ne4 Qd8 22. Nd6 Qg5 23. Ne4 1/2-1/2